Muscles of the posterior forearm - Statistics

General Stats
  • This quiz has been taken 20 times
  • The average score is 7 of 12
Answer Stats
Picture Answer % Correct
Brachioradialis
85%
Extensor Carpi Radialis Brevis
77%
Extensor Carpi Ulnaris
77%
Extensor Digitorum
69%
Extensor Carpi Radialis Longus
62%
Extensor Digiti Minimi
62%
Extensor Indicis
54%
Extensor Pollicis Longus
54%
Anconeus
46%
Supinator
46%
Abductor Pollicis Longus
38%
Extensor Pollicis Brevis
38%
No matching quizzes found
Score Distribution
Percent of People with Each Score
Percentile by Number Answered
Your Score History
You have not taken this quiz